00662 a2200181 450000500170000000800410001702000180005804000550007604100080013110000190013924500830015826000390024130000600028050400530034065000250039365000200041865000420043820140903174924.0130912s2011 enkad fr|||| 001 0 eng d a9781848441897 aCO-BoUCMbspacJose A. GerenadAldemar Mondragón00aeng1 aJost, Peter-J.14aThe economics of organization and coordination an introductioncPeter-J. Jost c2011bEdward ElgaraCheltenham, UK axvi, 376 páginasbilustraciones, cuadros y gráficas aIncluye referencias bibliográficas e índices 7aEconomía gerencial 7aMicroeconomía 7aOrganizaciónxAspectos económicos